Countries of the world by population - Statistics

General Stats
  • This quiz has been taken 31 times
  • The average score is 86 of 195
Answer Stats
Hint Continent Answer % Correct
1,428,194,888 Asia C China
100%
1,368,737,513 Asia I India
100%
212,392,717 South America B Brazil
96%
269,536,482 Asia I Indonesia
96%
333,131,215 North America U United States of America
96%
132,328,035 North America M Mexico
92%
200,962,417 Africa N Nigeria
92%
204,596,442 Asia P Pakistan
92%
126,854,745 Asia J Japan
88%
143,895,551 Asia/Europe R Russia
88%
168,065,920 Asia B Bangladesh
83%
101,168,745 Africa E Egypt
83%
68,357,847 Europe F France
83%
82,438,639 Europe G Germany
83%
67,466,132 Europe U United Kingdom
83%
45,101,781 South America A Argentina
79%
25,088,636 Australasia/Oceania A Australia
79%
37,279,811 North America C Canada
79%
49,849,818 South America C Colombia
79%
86,727,573 Africa D Dem. Rep. Congo
79%
110,135,635 Africa E Ethiopia
79%
30,096,970 Africa G Ghana
79%
59,216,525 Europe I Italy
79%
108,106,310 Asia P Philippines
79%
46,441,049 Europe S Spain
79%
42,514,094 Africa S Sudan
79%
69,306,160 Asia T Thailand
79%
82,961,805 Asia/Europe T Turkey
79%
32,779,868 South America V Venezuela
79%
97,429,061 Asia V Vietnam
79%
42,679,018 Africa A Algeria
75%
18,336,653 South America C Chile
75%
17,100,444 South America E Ecuador
75%
82,820,766 Asia I Iran
75%
52,214,791 Africa K Kenya
75%
23,176,691 Africa N Niger
75%
32,933,835 South America P Peru
75%
38,028,278 Europe P Poland
75%
19,483,360 Europe R Romania
75%
58,065,097 Africa S South Africa
75%
60,913,557 Africa T Tanzania
75%
45,711,874 Africa U Uganda
75%
43,795,220 Europe U Ukraine
75%
29,579,986 Asia Y Yemen
75%
31,787,566 Africa A Angola
71%
26,969,642 Africa M Madagascar
71%
31,408,823 Africa M Mozambique
71%
17,468,418 Europe N Netherlands
71%
51,339,238 Asia S South Korea
71%
32,807,368 Asia U Uzbekistan
71%
11,562,784 Europe B Belgium
67%
11,379,861 South America B Bolivia
67%
17,577,842 North America G Guatemala
67%
40,412,299 Asia I Iraq
67%
32,454,455 Asia M Malaysia
67%
54,336,138 Asia M Myanmar
67%
34,140,662 Asia S Saudi Arabia
67%
18,137,369 Africa Z Zambia
67%
17,297,495 Africa Z Zimbabwe
67%
11,242,856 North America H Haiti
63%
18,592,970 Asia K Kazakhstan
63%
37,217,634 Africa M Morocco
63%
37,209,007 Asia A Afghanistan
58%
10,996,774 North America D Dominican Republic
58%
11,124,603 Europe G Greece
58%
29,942,018 Asia N Nepal
58%
12,794,412 Africa R Rwanda
58%
23,758,247 Asia T Taiwan
58%
25,312,993 Africa C Cameroon
54%
10,630,589 Europe C Czechia
54%
9,568,688 North America H Honduras
54%
10,069,794 Asia J Jordan
54%
19,689,140 Africa M Mali
54%
6,981,981 South America P Paraguay
54%
11,801,595 Africa B Benin
50%
11,492,046 North America C Cuba
50%
9,655,361 Europe H Hungary
50%
19,718,743 Africa M Malawi
50%
25,727,408 Asia N North Korea
50%
10,254,666 Europe P Portugal
50%
6,988,739 Europe B Bulgaria
46%
16,482,646 Asia C Cambodia
46%
5,881,589 Europe D Denmark
46%
8,586,525 Australasia/Oceania P Papua New Guinea
46%
10,053,135 Europe S Sweden
46%
8,766,201 Europe A Austria
42%
20,321,560 Africa B Burkina Faso
42%
11,575,964 Africa B Burundi
42%
6,445,405 North America E El Salvador
42%
5,561,389 Europe F Finland
42%
6,351,157 North America N Nicaragua
42%
8,733,407 Europe S Serbia
42%
15,636,171 Africa S Somalia
42%
8,608,259 Europe S Switzerland
42%
18,499,181 Asia S Syria
42%
8,186,384 Africa T Togo
42%
9,433,874 Europe B Belarus
38%
15,814,345 Africa C Chad
38%
13,398,180 Africa G Guinea
38%
6,218,616 Asia K Kyrgyzstan
38%
7,064,242 Asia L Laos
38%
5,400,916 Europe N Norway
38%
5,001,875 Asia O Oman
38%
16,743,859 Africa S Senegal
38%
7,883,123 Africa S Sierra Leone
38%
5,450,987 Europe S Slovakia
38%
21,018,859 Asia S Sri Lanka
38%
9,292,000 Asia T Tajikistan
38%
9,682,088 Asia U United Arab Emirates
38%
10,014,575 Asia A Azerbaijan
33%
4,999,384 North America C Costa Rica
33%
25,531,083 Africa C Côte d'Ivoire
33%
5,309,659 Africa E Eritrea
33%
4,847,139 Europe I Ireland
33%
13,770,706 Asia I Israel
33%
6,569,864 Africa L Libya
33%
4,812,839 Australasia/Oceania N New Zealand
33%
11,783,168 Africa T Tunisia
33%
104,084 North America A Antigua and Barbuda
29%
108,825 North America G Grenada
29%
120,428 Australasia/Oceania K Kiribati
29%
38,404 Europe L Liechtenstein
29%
39,102 Europe M Monaco
29%
11,260 Australasia/Oceania N Nauru
29%
22,206 Australasia/Oceania P Palau
29%
33,683 Europe S San Marino
29%
13,263,184 Africa S South Sudan
29%
573,085 South America S Suriname
29%
5,942,561 Asia T Turkmenistan
29%
11,393 Australasia/Oceania T Tuvalu
29%
799 Europe V Vatican City
29%
77,072 Europe A Andorra
25%
403,095 North America B Bahamas
25%
287,010 North America B Barbados
25%
74,679 North America D Dominica
25%
786,508 South America G Guyana
25%
6,065,922 Asia L Lebanon
25%
4,977,720 Africa L Liberia
25%
596,992 Europe L Luxembourg
25%
53,211 Australasia/Oceania M Marshall Islands
25%
4,029,750 Europe M Moldova
25%
95,702 Africa S Seychelles
25%
5,868,104 Asia S Singapore
25%
635,254 Australasia/Oceania S Solomon Islands
25%
56,345 North America S St. Kitts and Nevis
25%
180,454 North America S St. Lucia
25%
110,041 Australasia/Oceania T Tonga
25%
288,017 Australasia/Oceania V Vanuatu
25%
390,231 North America B Belize
21%
340,566 Europe I Iceland
21%
433,245 Europe M Malta
21%
4,661,149 Africa M Mauritania
21%
629,355 Europe M Montenegro
21%
4,226,197 North America P Panama
21%
198,909 Australasia/Oceania S Samoa
21%
213,379 Africa S São Tomé and Príncipe
21%
3,482,156 South America U Uruguay
21%
2,938,428 Europe A Albania
17%
3,501,774 Europe B Bosnia and Herzegovina
17%
4,825,711 Africa C Central African Republic
17%
850,910 Africa C Comoros
17%
4,140,148 Europe C Croatia
17%
1,303,798 Europe E Estonia
17%
536,579 Australasia/Oceania M (F. S.) Micronesia
17%
4,248,974 Asia K Kuwait
17%
826,229 Asia B Bhutan
13%
439,336 Asia B Brunei
13%
5,542,197 Africa C Congo
13%
918,757 Australasia/Oceania F Fiji
13%
1,911,108 Europe L Latvia
13%
2,864,459 Europe L Lithuania
13%
110,488 North America S St. Vincent & Grenadines
13%
2,936,706 Asia A Armenia
8%
560,349 Africa C Cabo Verde
8%
985,690 Africa D Djibouti
8%
3,904,204 Asia G Georgia
8%
2,906,339 North America J Jamaica
8%
2,292,682 Africa L Lesotho
8%
451,738 Asia M Maldives
8%
2,641,996 Africa N Namibia
8%
2,743,901 Asia Q Qatar
8%
2,374,636 Africa B Botswana
4%
2,228,075 Africa G Gambia
4%
1,271,368 Africa M Mauritius
4%
3,166,244 Asia M Mongolia
4%
2,086,720 Europe N North Macedonia
4%
2,081,900 Europe S Slovenia
4%
1,375,443 North America T Trinidad and Tobago
4%
1,637,896 Asia B Bahrain
0%
1,198,427 Asia C Cyprus
0%
1,360,104 Africa E Equatorial Guinea
0%
1,415,414 Africa E eSwatini
0%
2,109,099 Africa G Gabon
0%
1,953,723 Africa G Guinea-Bissau
0%
1,352,360 Asia T Timor-Leste
0%
No matching quizzes found
Score Distribution
Percent of People with Each Score
Percentile by Number Answered
Your Score History
You have not taken this quiz